000 00407nam a2200157Ia 4500
008 230711s9999||||xx |||||||||||||| ||und||
041 _aENG
082 _a658
_bSR-M
100 _aSrivastava,Sushil Kumar
245 0 _aMaintenance engineering and management
250 _a1st Ed.
260 _c2006
_aNew Delhi
_bS.Chand & Company Ltd
300 _a224
650 _aUNIVESITY BUSNIESS SCHOOL
942 _cBK
999 _c4927
_d4927